[Event "Begonia op 52nd"]
[Site "Ballarat"]
[Date "2018.03.11"]
[Round "3"]
[White "Koelle, Arthur"]
[Black "Antoniazzi, Francesco"]
[Result "1/2-1/2"]
[WhiteElo "2204"]
[BlackElo "1739"]
[PlyCount "66"]
[EventDate "2018.03.10"]
[EventType "swiss"]
[EventRounds "7"]
[EventCountry "AUS"]
[SourceTitle "EXT 2019"]
[Source "ChessBase"]
[SourceDate "2018.10.10"]
[SourceVersion "1"]
[SourceVersionDate "2018.10.10"]
[SourceQuality "1"]

1. e4 c6 2. d4 d5 3. exd5 cxd5 4. Bd3 Nc6 5. c3 Qc7 6. Ne2 Bg4 7. f3 Bd7 8. Bf4 e5 9. dxe5 Nxe5 10. Bc2 Nf6 11. Qd4 Bd6 12. Nd2 0-0 13. Nb3 Rfe8 14. Bxe5 Rxe5 15. Bd3 Rae8 16. Kd2 a5 17. a4 Bf5 18. Rae1 Bxd3 19. Qxd3 Qb6 20. Ned4 Rxe1 21. Rxe1 Rxe1 22. Kxe1 Bxh2 23. Qf5 g6 24. Qc8+ Kg7 25. Qa8 Bc7 26. Qc8 Be5 27. Nc5 Bxd4 28. cxd4 Qxb2 29. Qxb7 Qc3+ 30. Kf1 Qc4+ 31. Ke1 Qc1+ 32. Ke2 Qc2+ 33. Ke3 Qc1+ 1/2-1/2

[Event "Oceania zt"]
[Site "Cammeray"]
[Date "2015.07.07"]
[Round "6"]
[White "Antoniazzi, Francesco"]
[Black "Lam, Ross"]
[Result "0-1"]
[WhiteElo "1728"]
[BlackElo "1984"]
[PlyCount "56"]
[EventDate "2015.07.04"]
[EventType "swiss"]
[EventRounds "9"]
[EventCountry "AUS"]
[SourceTitle "CBM 167 Extra"]
[Source "ChessBase"]
[SourceDate "2015.09.14"]
[SourceVersion "1"]
[SourceVersionDate "2015.09.14"]
[SourceQuality "1"]

1. d4 Nf6 2. c4 Nc6 3. Nf3 e6 4. g3 Bb4+ 5. Bd2 Bxd2+ 6. Qxd2 d6 7. Nc3 0-0 8. Bg2 a6 9. 0-0 Rb8 10. a4 a5 11. Rad1 Nd7 12. e4 e5 13. Nd5 exd4 14. Nxd4 Nde5 15. Nxc6 bxc6 16. Ne3 Rb4 17. Qc2 Ba6 18. b3 Qb8 19. f4 Qa7 20. Qc3 Ng4 21. Rd3 Rfb8 22. c5 Bxd3 23. Nf5 Qxc5+ 24. Qxc5 dxc5 25. Ne7+ Kf8 26. Nxc6 Bxf1 27. Bxf1 Rxb3 28. Nxb8 Rxb8 0-1

[Event "Oceania zt"]
[Site "Nadi"]
[Date "2013.05.06"]
[Round "3"]
[White "Antoniazzi, Francesco"]
[Black "Fancy, Stuart"]
[Result "1/2-1/2"]
[WhiteElo "1735"]
[BlackElo "2091"]
[PlyCount "113"]
[EventDate "2013.05.05"]
[EventType "swiss"]
[EventRounds "9"]
[EventCountry "FIJ"]
[SourceTitle "CBM 154 Extra"]
[Source "ChessBase"]
[SourceDate "2013.06.25"]
[SourceVersion "2"]
[SourceVersionDate "2013.06.25"]
[SourceQuality "1"]

1. d4 g6 2. c4 Bg7 3. g3 c5 4. Nf3 cxd4 5. Nxd4 Qb6 6. e3 Nc6 7. Nb3 Ne5 8. Nc3 Qc6 9. Qd5 Nf6 10. Qxc6 dxc6 11. f4 Ned7 12. Bg2 Nb6 13. c5 Nbd5 14. Bd2 Nb4 15. 0-0 Nd3 16. Rab1 a5 17. Na4 Bf5 18. Nd4 Be4 19. Bc3 Bxg2 20. Kxg2 Ne4 21. Nb3 Nxc3 22. bxc3 e5 23. fxe5 Nxe5 24. Nd4 0-0-0 25. Nb3 f5 26. Nxa5 Rd2+ 27. Rf2 Rhd8 28. Rxb7 Rxf2+ 29. Kxf2 Rd2+ 30. Kf1 Bh6 31. Nb6+ Kd8 32. Nac4 Nxc4 33. Nxc4 Rxa2 34. Rxh7 Bf8 35. Rh8 Ke7 36. Ne5 Bg7 37. Rh7 Kf6 38. Nxc6 g5 39. Nb4 Ra1+ 40. Ke2 Kg6 41. Rxg7+ Kxg7 42. c6 Kf7 43. Kd3 Ke6 44. Kd4 Kd6 45. h4 gxh4 46. gxh4 Rh1 47. Kc4 Rxh4+ 48. Kb5 Re4 49. Nc2 Kc7 50. c4 Re5+ 51. c5 Rd5 52. Nb4 Rd1 53. Kc4 Re1 54. Kd4 Rb1 55. Kc4 Re1 56. Kb5 Rb1 57. Kc4 1/2-1/2

[Event "Begonia op 45th"]
[Site "Ballarat"]
[Date "2011.03.12"]
[Round "6"]
[White "Antoniazzi, Francesco"]
[Black "Pyke, Malcolm"]
[Result "0-1"]
[WhiteElo "1534"]
[BlackElo "2121"]
[PlyCount "122"]
[EventDate "2011.03.12"]
[EventType "swiss"]
[EventRounds "7"]
[EventCountry "AUS"]
[SourceTitle "EXT 2013"]
[Source "ChessBase"]
[SourceDate "2012.11.22"]
[SourceVersion "1"]
[SourceVersionDate "2012.11.22"]
[SourceQuality "1"]

1. d4 Nf6 2. c4 c5 3. Nf3 e6 4. g3 cxd4 5. Nxd4 Bb4+ 6. Bd2 Bxd2+ 7. Qxd2 0-0 8. Bg2 a6 9. 0-0 Qc7 10. b3 Nc6 11. Nc3 Rb8 12. Rfe1 d6 13. Rad1 Rd8 14. e4 Bd7 15. Nc2 Be8 16. Ne3 b5 17. Rc1 Qb6 18. Red1 Ne5 19. Qd4 bxc4 20. Nxc4 Nxc4 21. bxc4 Qc7 22. Rd2 Rbc8 23. Ne2 Bc6 24. f3 Qa5 25. Qc3 Qc5+ 26. Qd4 Nd7 27. Qxc5 Nxc5 28. Rcd1 Ba4 29. Rc1 Kf8 30. Nc3 Ke7 31. Nd1 Bxd1 32. Rdxd1 Na4 33. f4 Rc5 34. Rd4 Nb6 35. Bf1 f6 36. Rcd1 e5 37. fxe5 fxe5 38. R4d3 a5 39. Rc3 Rdc8 40. Rdc1 R8c7 41. Kg2 R5c6 42. Be2 Nd7 43. Ra3 Ra7 44. Rc2 Nc5 45. Kf3 Rb6 46. Ke3 Rb1 47. Bd3 Rd1 48. Rd2 Rxd2 49. Kxd2 Kd7 50. Ke3 Kc7 51. Be2 Kb6 52. Rc3 a4 53. Rc1 a3 54. Rb1+ Kc6 55. Bg4 Ra4 56. Be2 Ne6 57. Kd3 Nd4 58. Bf1 Ra7 59. Rb8 Rf7 60. Rb1 Rf2 61. Ra1 Rxh2 0-1

[Event "Oceania zt"]
[Site "Rotorua"]
[Date "2011.01.28"]
[Round "6"]
[White "Antoniazzi, Francesco"]
[Black "Tan, Justin Hy"]
[Result "0-1"]
[WhiteElo "1685"]
[BlackElo "2161"]
[PlyCount "66"]
[EventDate "2011.01.25"]
[EventType "swiss"]
[EventRounds "9"]
[EventCountry "NZL"]
[SourceTitle "CBM 140 Extra"]
[Source "ChessBase"]
[SourceDate "2011.03.01"]
[SourceVersion "1"]
[SourceVersionDate "2011.03.01"]
[SourceQuality "1"]

1. d4 d5 2. c4 c6 3. Nf3 Nf6 4. e3 Bg4 5. Qb3 Qb6 6. Nc3 e6 7. Nh4 Bh5 8. h3 g5 9. Nf3 h6 10. Ne5 Nfd7 11. g4 Nxe5 12. gxh5 Nf3+ 13. Ke2 Nh4 14. Qxb6 axb6 15. Kd1 Nd7 16. Be2 Nf6 17. cxd5 exd5 18. Kc2 b5 19. Bd2 Bd6 20. a3 Ke7 21. Rhg1 Rhg8 22. Kd3 Rad8 23. Kc2 Nf5 24. Rg2 Ra8 25. Rag1 Nh4 26. Rg4 Nxg4 27. hxg4 f5 28. gxf5 Nxf5 29. Bg4 Rgf8 30. Kd3 Nh4 31. Ke2 Rf7 32. f3 Raf8 33. Rg3 Bxg3 0-1

[Event "AUS-ch reserves"]
[Site "Adelaide"]
[Date "2004.01.05"]
[Round "7.37"]
[White "Antoniazzi, Francesco"]
[Black "Oks, Oliver"]
[Result "0-1"]
[WhiteElo "1665"]
[BlackElo "1799"]
[PlyCount "50"]
[EventDate "2003.12.??"]
[EventType "swiss"]
[EventRounds "11"]
[EventCountry "AUS"]
[SourceTitle "EXT 2005"]
[Source "ChessBase"]
[SourceDate "2004.11.15"]
[SourceVersion "1"]
[SourceVersionDate "2004.11.15"]
[SourceQuality "1"]

1. Nf3 d6 2. c4 Nf6 3. b3 g6 4. Bb2 Bg7 5. g3 0-0 6. Bg2 e5 7. d3 c6 8. Nbd2 Bg4 9. 0-0 Nbd7 10. b4 Qb6 11. Qb3 Rfe8 12. e4 Bh6 13. Bc3 Qc7 14. a4 Rac8 15. Rfc1 Nh5 16. h3 Be6 17. Qb2 f5 18. c5 Bf7 19. Re1 dxc5 20. exf5 cxb4 21. fxg6 Bxg6 22. Bxe5 Nxe5 23. Rxe5 Rxe5 24. Qxe5 Qxe5 25. Nxe5 Bxd2 0-1